000 00691nam a2200217 u 4500
005 20220916063529.0
008 101116s2006 r 000 0 eng d
020 _a8430765220
035 _aUPN01000178477
049 _aI
050 4 _aPS3523 O4.6
_bC6.4c
100 1 _aLondon, Jack,
_d1876-1916
_929024
245 1 0 _aColmillo Blanco /
_cJack London ; adap. A. Gasol y T. Moras ; il. de Kaffa.
260 _aBarcelona, (Esp.) :
_bTeide,
_c2006.
300 _a118 p. :
_bil.
440 0 _aBiblioteca básica ;
_v9
534 _pTítulo original :
_tWhite Fang
650 7 _aLiteratura infantil estadounidense
_2
_99173
650 7 _aAnimales en la literatura
_2
_91055
905 _aInfantil
999 _c150580
_d150580